00673nam a2200241 a 4500001001300000003000900013005001700022008004100039020001100080082001600091100001700107245004900124260002900173300001000202500003500212505002700247650001800274700001700292902000800309942000700317952009400324999001300418nice12345678IN_TiNIC20260116011330.0050524s1966 leia grp 000 0 eng  ac7.1200a297.09bGOI aGoitein, S D aStudies in Islamic History and Institutions. aLeidenbE.J. Brillc1966 a391p. aincludes index and biblioraphy2 aAppendix, Bibliography aIslam-History1 aGoitein, S D bSRS cBK 00104070aHMIbHMId2010-01-08g7.12l0o297.09 GOIp03605r2010-01-08w2026-01-16yEB c578d578